[Event "RUS Cup tt (Women)"]
[Site "Sochi"]
[Date "2023.12.02"]
[Round "6.6"]
[White "Pogonina, Natalija"]
[Black "Borisova, Polina A"]
[Result "1-0"]
[WhiteElo "2404"]
[BlackElo "1600"]
[PlyCount "63"]
[EventDate "2023.11.27"]
[EventType "team-tourn"]
[EventRounds "7"]
[EventCountry "RUS"]
[SourceTitle "CB49_2023"]
[SourceDate "2023.12.06"]
[SourceVersion "1"]
[SourceVersionDate "2023.12.06"]
[SourceQuality "1"]
[WhiteTeam "Sima Lend (W)"]
[BlackTeam "Altay Region Kaissa (W)"]
[WhiteTeamCountry "RUS"]
[BlackTeamCountry "RUS"]

1. d4 Nf6 2. c4 g6 3. Nc3 Bg7 4. e4 d6 5. Nf3 0-0 6. Be2 e5 7. 0-0 Nc6 8. d5 Ne7 9. b4 Nh5 10. Re1 f5 11. a4 c6 12. dxc6 bxc6 13. b5 fxe4 14. Ng5 Nf4 15. bxc6 Nxe2+ 16. Qxe2 h6 17. Ngxe4 Nxc6 18. Ba3 Nd4 19. Qd1 Be6 20. Bxd6 Re8 21. Qd3 Rc8 22. c5 Qa5 23. Rab1 Red8 24. Qg3 Bf5 25. h3 Ne6 26. Rb5 Qa6 27. Bxe5 Nd4 28. Bxg7 Kxg7 29. Qe5+ Kf8 30. Qh8+ Kf7 31. Qh7+ Kf8 32. Rb7 1-0

[Event "RUS Cup tt (Women)"]
[Site "Sochi"]
[Date "2023.11.30"]
[Round "4.3"]
[White "Voit, Daria"]
[Black "Pogonina, Natalija"]
[Result "1-0"]
[WhiteElo "2343"]
[BlackElo "2404"]
[PlyCount "139"]
[EventDate "2023.11.27"]
[EventType "team-tourn"]
[EventRounds "7"]
[EventCountry "RUS"]
[SourceTitle "CB49_2023"]
[SourceDate "2023.12.06"]
[SourceVersion "1"]
[SourceVersionDate "2023.12.06"]
[SourceQuality "1"]
[WhiteTeam "Korporatsiya M (W)"]
[BlackTeam "Sima Lend (W)"]
[WhiteTeamCountry "RUS"]
[BlackTeamCountry "RUS"]

1. d4 Nf6 2. c4 e6 3. g3 d5 4. Bg2 Bb4+ 5. Nd2 0-0 6. Ngf3 b6 7. 0-0 Bb7 8. Ne5 Qc8 9. Qc2 c5 10. cxd5 Bxd5 11. Bxd5 Nxd5 12. Ndf3 cxd4 13. Qxc8 Rxc8 14. Nxd4 Bd6 15. Nef3 Nd7 16. Bd2 Ne5 17. Rfd1 Nc4 18. Bc1 a6 19. Kf1 Be7 20. b3 Nd6 21. Bb2 Ne4 22. a3 h5 23. Rac1 Bf6 24. h4 Kf8 25. Rxc8+ Rxc8 26. Rc1 Rxc1+ 27. Bxc1 Ke7 28. Nc2 Kd6 29. Nd2 Ndc3 30. Nc4+ Kc6 31. Be3 Nd5 32. Bc1 Nc5 33. b4 Ne4 34. Kg2 Kb5 35. Nb2 Nec3 36. Kf3 Na2 37. a4+ Kc6 38. Nd3 Bc3 39. Ba3 Bf6 40. e4 Ndc3 41. Bb2 Kc7 42. Ba1 Be7 43. Nc1 f6 44. Nxa2 Nxa2 45. b5 axb5 46. axb5 Bc5 47. e5 f5 48. Nd4 Kd7 49. Kf4 Be7 50. Nc6 Bc5 51. Nd4 Be7 52. Nc6 Bc5 53. Bd4 Bxd4 54. Nxd4 Ke7 55. Kg5 Kf7 56. Kxh5 Nc3 57. f3 Nd5 58. Kg5 Ne3 59. h5 Nc4 60. f4 Nd2 61. Nxe6 Ne4+ 62. Kxf5 Nxg3+ 63. Kg4 Ne2 64. f5 Nc3 65. Nc7 Ke7 66. Kg5 Kf7 67. e6+ Kf8 68. Kg6 Ne4 69. h6 gxh6 70. f6 1-0

[Event "RUS-ch (Women) 73rd"]
[Site "St Petersburg"]
[Date "2023.10.06"]
[Round "6"]
[White "Matveeva, Olga"]
[Black "Pogonina, Natalija"]
[Result "1-0"]
[WhiteElo "2160"]
[BlackElo "2432"]
[PlyCount "121"]
[EventDate "2023.10.01"]
[EventType "tourn"]
[EventRounds "11"]
[EventCountry "RUS"]
[EventCategory "4"]
[SourceTitle "EXT 2024"]
[Source "ChessBase"]
[SourceDate "2023.10.10"]
[SourceVersion "1"]
[SourceVersionDate "2023.10.10"]
[SourceQuality "1"]

1. d4 Nf6 2. Nf3 d5 3. g3 e6 4. Bg2 b5 5. 0-0 Be7 6. a4 b4 7. c4 bxc3 8. Nxc3 0-0 9. Bf4 c6 10. a5 Na6 11. Ne5 Bd7 12. h4 Be8 13. e3 Rc8 14. Qe2 Nb4 15. Rfd1 Nd7 16. e4 Nxe5 17. Bxe5 dxe4 18. Nxe4 f6 19. Bf4 Nd5 20. Bd2 Rb8 21. Be1 Bd7 22. Rac1 Re8 23. Nc5 Bxc5 24. dxc5 Qc7 25. h5 Qb7 26. b4 a6 27. Bf1 Ra8 28. Qe4 Qc7 29. Bc3 f5 30. Qe1 Bc8 31. Be5 Qf7 32. h6 g5 33. Qd2 Qg6 34. Bg7 Ra7 35. Bc4 Rd7 36. Qb2 Rde7 37. Re1 Rb7 38. Bxd5 cxd5 39. c6 Rf7 40. Qe5 Rfe7 41. Rc5 Qh5 42. Kg2 Qg4 43. Bf6 Rf7 44. Rxd5 Qxb4 45. Bxg5 exd5 46. Qxe8+ Qf8 47. Qe5 Qc5 48. Be3 Qe7 49. Qxd5 Qe4+ 50. Qxe4 fxe4 51. Bf4 Rf6 52. c7 Kf7 53. Rxe4 Bb7 54. f3 Rc6 55. Re3 Rc2+ 56. Kh3 Rc5 57. Rb3 Bc8+ 58. g4 Ke8 59. Rd3 Bd7 60. Re3+ Kf7 61. Bd6 1-0

[Event "RUS-ch (Women) 73rd"]
[Site "St Petersburg"]
[Date "2023.10.04"]
[Round "4"]
[White "Goltseva, Ekaterina"]
[Black "Pogonina, Natalija"]
[Result "1/2-1/2"]
[WhiteElo "2338"]
[BlackElo "2432"]
[PlyCount "69"]
[EventDate "2023.10.01"]
[EventType "tourn"]
[EventRounds "11"]
[EventCountry "RUS"]
[EventCategory "4"]
[SourceTitle "EXT 2024"]
[Source "ChessBase"]
[SourceDate "2023.10.10"]
[SourceVersion "1"]
[SourceVersionDate "2023.10.10"]
[SourceQuality "1"]

1. d4 Nf6 2. c4 e6 3. g3 d5 4. Bg2 Bb4+ 5. Nc3 0-0 6. Nf3 b6 7. 0-0 Bb7 8. Ne5 Nbd7 9. Qa4 Nxe5 10. dxe5 Bxc3 11. bxc3 Ne4 12. Qc2 Qe7 13. a4 Rfd8 14. Be3 Rab8 15. a5 Nc5 16. axb6 axb6 17. Ra7 Bc6 18. Bd4 Ra8 19. Rfa1 h6 20. Rxa8 Bxa8 21. Ra7 Bc6 22. Qa2 Qd7 23. cxd5 Bxd5 24. Bxd5 exd5 25. Bxc5 bxc5 26. Qa5 Qf5 27. Qxc7 Qb1+ 28. Kg2 Qe4+ 29. Kh3 Rf8 30. Qxc5 Qxe2 31. Qd4 Qf1+ 32. Kg4 Qe2+ 33. Kh3 Qf1+ 34. Kg4 Qe2+ 35. Kh3 1/2-1/2

[Event "RUS-ch (Women) 73rd"]
[Site "St Petersburg"]
[Date "2023.10.03"]
[Round "3"]
[White "Pogonina, Natalija"]
[Black "Badelka, Olga"]
[Result "0-1"]
[WhiteElo "2432"]
[BlackElo "2386"]
[PlyCount "96"]
[EventDate "2023.10.01"]
[EventType "tourn"]
[EventRounds "11"]
[EventCountry "RUS"]
[EventCategory "4"]
[SourceTitle "EXT 2024"]
[Source "ChessBase"]
[SourceDate "2023.10.10"]
[SourceVersion "1"]
[SourceVersionDate "2023.10.10"]
[SourceQuality "1"]

1. d4 d5 2. c4 e6 3. Nf3 Nf6 4. Nc3 c6 5. e3 Nbd7 6. Qc2 Bd6 7. Bd3 dxc4 8. Bxc4 b5 9. Be2 Bb7 10. 0-0 0-0 11. Bd2 a6 12. Ne4 Nxe4 13. Qxe4 Qe7 14. Rac1 f5 15. Qc2 c5 16. dxc5 Nxc5 17. Ba5 Rac8 18. b4 Ne4 19. Qb2 g5 20. Nd2 g4 21. Nxe4 Bxe4 22. Rxc8 Rxc8 23. Rc1 Qb7 24. Bf1 Rxc1 25. Qxc1 Qc6 26. Qb2 e5 27. Qd2 Kf7 28. a3 Ke6 29. Qa2+ Qd5 30. Qa1 Qb3 31. h3 gxh3 32. gxh3 Kd7 33. Kh2 Qc2 34. Qe1 Bf3 35. Bg2 e4+ 36. Kg1 Qb2 37. Bxf3 exf3 38. Kh1 Qg7 39. Qf1 Kc6 40. Qc1+ Kb7 41. Qf1 Qg8 42. h4 Qg4 43. Bd8 h6 44. Bf6 Kc7 45. Qc1+ Kd7 46. Qf1 Ke8 47. a4 Kf7 48. Bd8 bxa4 0-1

[Event "RUS-chT (Women)"]
[Site "Sochi"]
[Date "2023.05.08"]
[Round "7.1"]
[White "Pogonina, Natalija"]
[Black "Gunina, Valentina"]
[Result "1-0"]
[WhiteElo "2432"]
[BlackElo "2469"]
[PlyCount "123"]
[EventDate "2023.05.01"]
[EventType "team-swiss"]
[EventRounds "9"]
[EventCountry "RUS"]
[SourceTitle "CBM 214 Extra"]
[Source "ChessBase"]
[SourceDate "2023.07.31"]
[SourceVersion "1"]
[SourceVersionDate "2023.07.31"]
[SourceQuality "1"]
[WhiteTeam "Moscow Region (W)"]
[BlackTeam "Moscow Sbornaya (W)"]
[WhiteTeamCountry "RUS"]
[BlackTeamCountry "RUS"]

1. d4 d5 2. Nf3 Nf6 3. e3 Bf5 4. c4 c6 5. Nc3 e6 6. Nh4 Bg6 7. Be2 Nbd7 8. 0-0 Bd6 9. g3 0-0 10. Nxg6 hxg6 11. b3 Qe7 12. Bf3 Rfd8 13. Bg2 Bb4 14. Bb2 Rac8 15. Rc1 Ba3 16. Qe2 Bxb2 17. Qxb2 g5 18. Rfe1 Nf8 19. Qe2 Ng6 20. Red1 Re8 21. Qb2 Rcd8 22. cxd5 exd5 23. b4 a6 24. a4 g4 25. b5 axb5 26. axb5 Nh7 27. Qe2 Qe6 28. Na4 Re7 29. Nc5 Qf5 30. bxc6 bxc6 31. Rc3 Ng5 32. Qc2 Qf6 33. Rc1 Rd6 34. Qd1 Nf3+ 35. Bxf3 gxf3 36. Nd3 Re4 37. Ne1 Nh4 38. Qc2 Ree6 39. Rb1 g5 40. gxh4 Re4 41. Qd1 g4 42. Qa4 Kg7 43. h5 Rde6 44. Qb4 Qh4 45. Qb8 Qxh5 46. Qg3 Qf5 47. Rbc1 Rh6 48. h4 Ree6 49. Nd3 Qh7 50. Kf1 Rxh4 51. Ke1 Re4 52. Nf4 Qh6 53. Kd2 Qg5 54. Rxc6 Rxd4+ 55. Nd3 Rh3 56. Qd6 g3 57. Rc8 Re4 58. Qf8+ Kg6 59. Qg8+ Kf6 60. R1c6+ Kf5 61. Qxf7+ Kg4 62. Qd7+ 1-0

[Event "RUS-chT (Women)"]
[Site "Sochi"]
[Date "2023.05.03"]
[Round "3.2"]
[White "Pogonina, Natalija"]
[Black "Lysenko, Margarita"]
[Result "1-0"]
[WhiteElo "2432"]
[BlackElo "2244"]
[PlyCount "85"]
[EventDate "2023.05.01"]
[EventType "team-swiss"]
[EventRounds "9"]
[EventCountry "RUS"]
[SourceTitle "CBM 214 Extra"]
[Source "ChessBase"]
[SourceDate "2023.07.31"]
[SourceVersion "1"]
[SourceVersionDate "2023.07.31"]
[SourceQuality "1"]
[WhiteTeam "Moscow Region (W)"]
[BlackTeam "Moscow Region (W) II"]
[WhiteTeamCountry "RUS"]
[BlackTeamCountry "RUS"]

1. d4 Nf6 2. c4 e6 3. Nc3 d5 4. cxd5 Nxd5 5. e4 Nxc3 6. bxc3 c5 7. Nf3 cxd4 8. cxd4 Bb4+ 9. Bd2 Bxd2+ 10. Qxd2 0-0 11. Bd3 Nc6 12. Bc2 Qa5 13. Qxa5 Nxa5 14. Bd3 Bd7 15. Kd2 Rfc8 16. Ne5 Be8 17. Rac1 Kf8 18. Ke3 f6 19. Nf3 Ke7 20. g4 h6 21. h4 Nc6 22. Rhg1 g6 23. Rb1 Rab8 24. Rgc1 Na5 25. e5 f5 26. gxf5 gxf5 27. d5 exd5 28. Nd4 Bd7 29. Rg1 Rg8 30. Nxf5+ Bxf5 31. Bxf5 b6 32. Rbd1 Nc4+ 33. Kf4 Rxg1 34. Rxg1 Rf8 35. Rg6 d4 36. Rc6 Nb2 37. Re6+ Kf7 38. Rxh6 d3 39. Rd6 Ke7 40. Re6+ Kf7 41. Rd6 Ke7 42. Rd7+ Ke8 43. e6 1-0

[Event "RUS GP Blitz Final (Women)"]
[Site "Moscow"]
[Date "2022.12.16"]
[Round "11"]
[White "Pogonina, Natalija"]
[Black "Bodnaruk, Anastasia"]
[Result "1/2-1/2"]
[WhiteElo "2432"]
[BlackElo "2364"]
[PlyCount "117"]
[EventDate "2022.12.16"]
[EventType "tourn (blitz)"]
[EventRounds "13"]
[EventCountry "RUS"]
[EventCategory "1"]
[SourceTitle "CBM 211 Extra"]
[Source "ChessBase"]
[SourceDate "2023.01.31"]
[SourceVersion "1"]
[SourceVersionDate "2023.01.31"]
[SourceQuality "1"]

1. d4 Nf6 2. g3 g6 3. Bg2 Bg7 4. e4 d6 5. Nc3 0-0 6. Nge2 Nbd7 7. h3 e5 8. 0-0 c6 9. Bg5 Qb6 10. dxe5 dxe5 11. b3 Rd8 12. Qc1 Nf8 13. Na4 Qc7 14. Nc5 b6 15. Nd3 Ne6 16. Bh6 Ba6 17. Rd1 Bh8 18. c4 Rd7 19. Nb4 Bb7 20. Rxd7 Qxd7 21. Qe3 Rd8 22. Rc1 Nc5 23. Bg5 a5 24. Nc2 Qd3 25. Nc3 Qd7 26. Rd1 Qe7 27. Rxd8+ Qxd8 28. Kh2 Bg7 29. Na4 Nxa4 30. bxa4 c5 31. Na3 Qd4 32. Bxf6 Bxf6 33. Qf3 Bg5 34. Nb5 Qd7 35. h4 Bh6 36. Bh3 Qd8 37. Kg2 Bc6 38. Qe2 f5 39. f3 fxe4 40. fxe4 Qa8 41. Be6+ Kh8 42. Bd5 Bg7 43. Qf3 Bxd5 44. exd5 Qd8 45. d6 h5 46. Qd5 Qd7 47. Qa8+ Kh7 48. Qb8 Qf5 49. Qb7 Qc2+ 50. Kh3 Qf5+ 51. Kg2 Qc2+ 52. Kh3 Qf5+ 53. Kh2 e4 54. Qd5 Qf2+ 55. Kh3 Be5 56. Qxe5 Qf1+ 57. Kh2 Qf2+ 58. Kh3 Qf1+ 59. Kh2 1/2-1/2

[Event "RUS GP Blitz Final (Women)"]
[Site "Moscow"]
[Date "2022.12.16"]
[Round "9"]
[White "Pogonina, Natalija"]
[Black "Obolentseva, Alexandra"]
[Result "1/2-1/2"]
[WhiteElo "2432"]
[BlackElo "2313"]
[PlyCount "84"]
[EventDate "2022.12.16"]
[EventType "tourn (blitz)"]
[EventRounds "13"]
[EventCountry "RUS"]
[EventCategory "1"]
[SourceTitle "CBM 211 Extra"]
[Source "ChessBase"]
[SourceDate "2023.01.31"]
[SourceVersion "1"]
[SourceVersionDate "2023.01.31"]
[SourceQuality "1"]

1. d4 Nf6 2. g3 g6 3. Bg2 Bg7 4. e4 d5 5. e5 Ng8 6. Nc3 c6 7. Nge2 Bf5 8. 0-0 h5 9. Nf4 Qc8 10. Re1 Na6 11. e6 fxe6 12. a3 Nh6 13. Bf1 Nc7 14. Be3 Kf7 15. Bd3 Ng4 16. Bxf5 exf5 17. h4 Re8 18. Nd3 e5 19. dxe5 Nxe5 20. Nxe5+ Bxe5 21. Bd4 Bxd4 22. Qxd4 b6 23. Qd2 Ne6 24. Re5 Ng7 25. Rae1 Qd7 26. b4 d4 27. Rxe8 Rxe8 28. Rxe8 Nxe8 29. Ne2 c5 30. bxc5 bxc5 31. Nf4 Nf6 32. Qa5 Qe7 33. Nd3 Ne4 34. Qa6 Kg7 35. Nf4 Nf6 36. Nd3 Qc7 37. Nf4 Qe7 38. Nd3 Kf7 39. Qc6 Ne4 40. Nf4 Nf6 41. Nd3 Ne4 42. Nf4 Nf6 1/2-1/2

[Event "RUS GP Blitz Final (Women)"]
[Site "Moscow"]
[Date "2022.12.16"]
[Round "7"]
[White "Pogonina, Natalija"]
[Black "Shuvalova, Polina"]
[Result "1/2-1/2"]
[WhiteElo "2432"]
[BlackElo "2502"]
[PlyCount "51"]
[EventDate "2022.12.16"]
[EventType "tourn (blitz)"]
[EventRounds "13"]
[EventCountry "RUS"]
[EventCategory "1"]
[SourceTitle "CBM 211 Extra"]
[Source "ChessBase"]
[SourceDate "2023.01.31"]
[SourceVersion "1"]
[SourceVersionDate "2023.01.31"]
[SourceQuality "1"]

1. d4 Nf6 2. g3 d5 3. Bg2 g6 4. Nf3 Bg7 5. c4 c6 6. 0-0 0-0 7. b3 Bf5 8. Bb2 Nbd7 9. Nbd2 Ne4 10. Nh4 Nxd2 11. Qxd2 Be6 12. cxd5 cxd5 13. Qb4 b6 14. Rac1 Nf6 15. Nf3 Bg4 16. Rfe1 Bxf3 17. Bxf3 Qd7 18. Rc2 Rfc8 19. Rec1 e6 20. Qd2 Ne8 21. e3 Nd6 22. a4 Rxc2 23. Rxc2 Rc8 24. Ba3 Bf8 25. Bxd6 Bxd6 26. Be2 1/2-1/2

[Event "RUS GP Blitz Final (Women)"]
[Site "Moscow"]
[Date "2022.12.16"]
[Round "4"]
[White "Potapova, Margarita"]
[Black "Pogonina, Natalija"]
[Result "1-0"]
[WhiteElo "2191"]
[BlackElo "2432"]
[PlyCount "103"]
[EventDate "2022.12.16"]
[EventType "tourn (blitz)"]
[EventRounds "13"]
[EventCountry "RUS"]
[EventCategory "1"]
[SourceTitle "CBM 211 Extra"]
[Source "ChessBase"]
[SourceDate "2023.01.31"]
[SourceVersion "1"]
[SourceVersionDate "2023.01.31"]
[SourceQuality "1"]

1. d4 Nf6 2. c4 e6 3. Nc3 d5 4. Nf3 Nbd7 5. e3 Bd6 6. Be2 b6 7. 0-0 a6 8. b3 Bb7 9. Bb2 0-0 10. Rc1 dxc4 11. Bxc4 e5 12. Be2 e4 13. Nd2 Qe7 14. Nc4 b5 15. Na5 Rab8 16. Nxb7 Rxb7 17. a4 b4 18. Nb1 a5 19. Nd2 Nb6 20. Bb5 Rbb8 21. Bc6 Qe6 22. h3 Nfd5 23. Nc4 Nxc4 24. bxc4 Ne7 25. d5 Qf5 26. Bb5 Ng6 27. c5 Be5 28. Bxe5 Nxe5 29. d6 Rbd8 30. Kh1 Qf6 31. Qd5 cxd6 32. c6 Nd3 33. Bxd3 exd3 34. Qxd3 Rc8 35. Qb5 Rfd8 36. Qxa5 Qe7 37. Qxb4 Rc7 38. Rc2 Rdc8 39. Rfc1 Qe5 40. Qb5 Qe6 41. a5 Qf6 42. a6 h6 43. Qb6 Qe7 44. Ra2 Ra7 45. Rd1 Rcc7 46. Rad2 Qf6 47. f4 Qe7 48. Rxd6 Qe4 49. Rd8+ Kh7 50. R8d7 Rxc6 51. Qxa7 Rc2 52. R7d2 1-0

[Event "RUS GP Blitz Final (Women)"]
[Site "Moscow"]
[Date "2022.12.16"]
[Round "8"]
[White "Voit, Daria"]
[Black "Pogonina, Natalija"]
[Result "1-0"]
[WhiteElo "2347"]
[BlackElo "2432"]
[PlyCount "115"]
[EventDate "2022.12.16"]
[EventType "tourn (blitz)"]
[EventRounds "13"]
[EventCountry "RUS"]
[EventCategory "1"]
[SourceTitle "CBM 211 Extra"]
[Source "ChessBase"]
[SourceDate "2023.01.31"]
[SourceVersion "1"]
[SourceVersionDate "2023.01.31"]
[SourceQuality "1"]

1. d4 Nf6 2. c4 e6 3. Nf3 d5 4. g3 Bb4+ 5. Bd2 Bd6 6. Qc2 c6 7. Nc3 dxc4 8. e4 Be7 9. Bxc4 0-0 10. 0-0 Nbd7 11. Rfd1 h6 12. Bf1 b6 13. h3 Bb7 14. Be3 Qc7 15. Rac1 Rfc8 16. Bg2 Ba6 17. Qa4 Qb7 18. b4 Bc4 19. Nd2 Ba6 20. b5 cxb5 21. Nxb5 Nf8 22. d5 Bxb5 23. Qxb5 exd5 24. exd5 Rxc1 25. Rxc1 Bd6 26. Rc6 Rd8 27. Nc4 Bb8 28. d6 Qd7 29. Bf4 Qe6 30. Qe5 Qxe5 31. Bxe5 N8d7 32. Bb2 Kf8 33. Na3 Nc5 34. Bxf6 gxf6 35. Nb5 a6 36. Nc7 a5 37. Rxb6 Ne6 38. Rc6 Bxc7 39. dxc7 Rc8 40. Ra6 Rxc7 41. Rxa5 Kg7 42. Bd5 Nd4 43. Kg2 Rc2 44. Ra7 Kg6 45. Bxf7+ Kg5 46. h4+ Kf5 47. Ra5+ Ke4 48. Bg6+ f5 49. g4 Kf4 50. Bxf5 Rb2 51. Ra4 Rd2 52. Bc8 Ke5 53. Bb7 Kf4 54. Rc4 Kxg4 55. a4 Kxh4 56. a5 Kg5 57. a6 Nb5 58. Rc5+ 1-0

[Event "RUS GP Blitz Final (Women)"]
[Site "Moscow"]
[Date "2022.12.16"]
[Round "1"]
[White "Yurasova, Daria"]
[Black "Pogonina, Natalija"]
[Result "0-1"]
[WhiteElo "2032"]
[BlackElo "2432"]
[PlyCount "84"]
[EventDate "2022.12.16"]
[EventType "tourn (blitz)"]
[EventRounds "13"]
[EventCountry "RUS"]
[EventCategory "1"]
[SourceTitle "CBM 211 Extra"]
[Source "ChessBase"]
[SourceDate "2023.01.31"]
[SourceVersion "1"]
[SourceVersionDate "2023.01.31"]
[SourceQuality "1"]

1. d4 Nf6 2. c4 e6 3. Nf3 d5 4. g3 Bb4+ 5. Bd2 Bd6 6. Bg2 0-0 7. Qc2 c6 8. Nc3 dxc4 9. e4 Be7 10. 0-0 b5 11. Rad1 Nbd7 12. Bg5 Bb7 13. e5 Nd5 14. Bxe7 Qxe7 15. Ne4 h6 16. Nd6 Rab8 17. b3 cxb3 18. axb3 N7b6 19. Nd2 f5 20. Ra1 a6 21. Rfc1 Nb4 22. Qc5 N6d5 23. Bxd5 Nxd5 24. Nxb7 Rxb7 25. Rxa6 Nb4 26. Raa1 Rd8 27. Nf3 Qxc5 28. Rxc5 g5 29. Rd1 Rbd7 30. h3 g4 31. hxg4 fxg4 32. Nh4 Rxd4 33. Re1 Rd1 34. Rc1 Rxc1 35. Rxc1 Rd3 36. Rb1 Kf7 37. Ng2 Ke7 38. Ne3 h5 39. Ng2 Rd2 40. Rc1 Nc2 41. Nf4 Nd4 42. Nxh5 Ne2+ 0-1

[Event "RUS-chT Rapid (Women)"]
[Site "Sochi"]
[Date "2022.10.19"]
[Round "6.1"]
[White "Pogonina, Natalija"]
[Black "Khlichkova, Tatiana"]
[Result "1/2-1/2"]
[WhiteElo "2432"]
[BlackElo "2191"]
[PlyCount "84"]
[EventDate "2022.10.18"]
[EventType "team-swiss (rapid)"]
[EventRounds "9"]
[EventCountry "RUS"]
[SourceTitle "CBM 210 Extra"]
[Source "ChessBase"]
[SourceDate "2022.11.30"]
[SourceVersion "1"]
[SourceVersionDate "2022.11.30"]
[SourceQuality "1"]
[WhiteTeam "Yugra (W)"]
[BlackTeam "Novosibirsk (W)"]
[WhiteTeamCountry "RUS"]
[BlackTeamCountry "RUS"]

1. d4 e6 2. Nf3 f5 3. Bf4 Nf6 4. e3 b6 5. Be2 Bb7 6. 0-0 Be7 7. h3 0-0 8. c4 Ne4 9. Nfd2 Nxd2 10. Nxd2 d6 11. Bf3 Bxf3 12. Qxf3 Nd7 13. Rad1 Bg5 14. Bh2 Nf6 15. c5 Qe7 16. cxd6 cxd6 17. Rc1 Rac8 18. Qg3 Rxc1 19. Rxc1 Ne8 20. Qf3 Kh8 21. Qc6 e5 22. dxe5 dxe5 23. Nf3 Bf6 24. Rd1 Rf7 25. b3 h6 26. Qc8 g6 27. Rd5 e4 28. Ne5 Rg7 29. Rd7 Qf8 30. Rxa7 Kh7 31. Rxg7+ Bxg7 32. Qe6 Nf6 33. Qxb6 Qa3 34. Bg3 Qxa2 35. Qb7 Nh5 36. Nc4 Nxg3 37. fxg3 h5 38. Kh2 Qf2 39. h4 f4 40. gxf4 Qxh4+ 41. Kg1 Qe1+ 42. Kh2 Qh4+ 1/2-1/2

[Event "RUS-chT Rapid (Women)"]
[Site "Sochi"]
[Date "2022.10.19"]
[Round "8.1"]
[White "Pogonina, Natalija"]
[Black "Vasilevich, Tatjana"]
[Result "1/2-1/2"]
[WhiteElo "2432"]
[BlackElo "2326"]
[PlyCount "74"]
[EventDate "2022.10.18"]
[EventType "team-swiss (rapid)"]
[EventRounds "9"]
[EventCountry "RUS"]
[SourceTitle "CBM 210 Extra"]
[Source "ChessBase"]
[SourceDate "2022.11.30"]
[SourceVersion "1"]
[SourceVersionDate "2022.11.30"]
[SourceQuality "1"]
[WhiteTeam "Yugra (W)"]
[BlackTeam "Krym Kimmeriya (W)"]
[WhiteTeamCountry "RUS"]
[BlackTeamCountry "RUS"]

1. d4 g6 2. e4 Bg7 3. Nc3 c6 4. Be3 d5 5. Qd2 dxe4 6. Nxe4 Nd7 7. Nf3 Ngf6 8. Nc3 Nd5 9. Nxd5 cxd5 10. Bh6 Bxh6 11. Qxh6 Qb6 12. 0-0-0 Nf6 13. Ne5 Be6 14. f3 0-0-0 15. Qe3 Kb8 16. Bd3 Rc8 17. g4 Rhd8 18. h3 Nd7 19. Nxd7+ Rxd7 20. f4 f6 21. f5 gxf5 22. gxf5 Bg8 23. Rhg1 e5 24. fxe6 Bxe6 25. Rdf1 Rf7 26. h4 Ka8 27. Kb1 a6 28. a3 Bd7 29. Rf4 Bb5 30. Rfg4 Bxd3 31. Qxd3 Rfc7 32. Rg8 Rxg8 33. Rxg8+ Ka7 34. Ka2 Qe6 35. Rd8 Rd7 36. Rxd7 Qxd7 37. Qe3 Qc6 1/2-1/2

[Event "RUS-chT Rapid (Women)"]
[Site "Sochi"]
[Date "2022.10.19"]
[Round "7.1"]
[White "Styazhkina, Anna"]
[Black "Pogonina, Natalija"]
[Result "1-0"]
[WhiteElo "2165"]
[BlackElo "2432"]
[PlyCount "85"]
[EventDate "2022.10.18"]
[EventType "team-swiss (rapid)"]
[EventRounds "9"]
[EventCountry "RUS"]
[SourceTitle "CBM 210 Extra"]
[Source "ChessBase"]
[SourceDate "2022.11.30"]
[SourceVersion "1"]
[SourceVersionDate "2022.11.30"]
[SourceQuality "1"]
[WhiteTeam "St Petersburg SShOR (W) II"]
[BlackTeam "Yugra (W)"]
[WhiteTeamCountry "RUS"]
[BlackTeamCountry "RUS"]

1. e4 e5 2. Nf3 Nc6 3. Bc4 Nf6 4. d3 Bc5 5. 0-0 d6 6. c3 a6 7. Bb3 Ba7 8. Nbd2 0-0 9. h3 Ne7 10. Re1 Ng6 11. Nf1 b5 12. Ng3 Bb7 13. Nf5 Bc8 14. Bc2 d5 15. Qe2 Re8 16. N3h4 Nxh4 17. Nxh4 d4 18. Qf3 Be6 19. Nf5 Bxf5 20. Qxf5 Qd6 21. a4 h6 22. Bd2 Bb6 23. Kh1 Rad8 24. axb5 axb5 25. Rad1 dxc3 26. bxc3 Qe6 27. Qf3 Ra8 28. Rb1 c6 29. Bb3 Qd6 30. Qg3 Nh5 31. Qg4 Nf4 32. Bxf4 exf4 33. d4 g5 34. e5 Qg6 35. Rbc1 Kg7 36. Bc2 Qe6 37. Bf5 Qc4 38. e6 Bc7 39. exf7 Qxf7 40. Bd7 Rxe1+ 41. Rxe1 Ra3 42. Be8 Qf6 43. Qd7+ 1-0

[Event "RUS-chT Rapid (Women)"]
[Site "Sochi"]
[Date "2022.10.18"]
[Round "2.5"]
[White "Pogonina, Natalija"]
[Black "Bodnaruk, Anastasia"]
[Result "1-0"]
[WhiteElo "2432"]
[BlackElo "2378"]
[PlyCount "113"]
[EventDate "2022.10.18"]
[EventType "team-swiss (rapid)"]
[EventRounds "9"]
[EventCountry "RUS"]
[SourceTitle "CBM 210 Extra"]
[Source "ChessBase"]
[SourceDate "2022.11.30"]
[SourceVersion "1"]
[SourceVersionDate "2022.11.30"]
[SourceQuality "1"]
[WhiteTeam "Yugra (W)"]
[BlackTeam "St Petersburg SShOR (W)"]
[WhiteTeamCountry "RUS"]
[BlackTeamCountry "RUS"]

1. d4 Nf6 2. g3 g6 3. Bg2 Bg7 4. e4 d6 5. Nc3 0-0 6. Nge2 e5 7. h3 Nc6 8. Be3 exd4 9. Nxd4 Bd7 10. 0-0 Re8 11. Nb3 Ne5 12. Qe2 Be6 13. Rfd1 Nc4 14. Rab1 Nxe3 15. Qxe3 c6 16. Qf4 Bf8 17. Nd4 Bd7 18. Nf3 Nh5 19. Qd2 Ng7 20. b4 b5 21. e5 d5 22. Ne2 Ne6 23. c3 Bg7 24. Ned4 Qc7 25. Re1 f6 26. exf6 Bxf6 27. Nxe6 Bxe6 28. Nd4 Bf7 29. Rxe8+ Rxe8 30. Re1 Qd7 31. Kh2 Kg7 32. Bf3 Qd6 33. Kg2 Be5 34. h4 Qf6 35. Re2 h5 36. a3 Bc7 37. Qg5 Rxe2 38. Bxe2 Be8 39. Bxh5 Qxg5 40. hxg5 gxh5 41. Ne6+ Kg6 42. Nxc7 Bf7 43. f4 Kf5 44. Kf3 Kg6 45. Na6 Kf5 46. Nc5 d4 47. cxd4 Bd5+ 48. Kf2 h4 49. gxh4 Kxf4 50. Nd3+ Ke4 51. Ne5 Kxd4 52. Nd7 Bf7 53. Kf3 Kc3 54. Ne5 Bg8 55. h5 Kb3 56. h6 Kxa3 57. g6 1-0

[Event "RUS-chT Blitz (Women)"]
[Site "Sochi"]
[Date "2022.10.17"]
[Round "6.1"]
[White "Pogonina, Natalija"]
[Black "Potapova, Margarita"]
[Result "0-1"]
[WhiteElo "2432"]
[BlackElo "2226"]
[PlyCount "118"]
[EventDate "2022.10.17"]
[EventType "team-swiss (blitz)"]
[EventRounds "11"]
[EventCountry "RUS"]
[SourceTitle "CBM 210 Extra"]
[Source "ChessBase"]
[SourceDate "2022.11.30"]
[SourceVersion "1"]
[SourceVersionDate "2022.11.30"]
[SourceQuality "1"]
[WhiteTeam "Yugra (W)"]
[BlackTeam "Krym Kimmeriya (W)"]
[WhiteTeamCountry "RUS"]
[BlackTeamCountry "RUS"]

1. d4 Nf6 2. g3 d5 3. Bg2 e6 4. Nf3 c5 5. 0-0 Nc6 6. c4 dxc4 7. dxc5 Qxd1 8. Rxd1 Bxc5 9. Nbd2 c3 10. bxc3 0-0 11. Ne1 Be7 12. Nd3 Bd7 13. Bb2 Rac8 14. Rab1 b6 15. c4 Na5 16. Ne5 Ba4 17. Rdc1 Nd7 18. Nxd7 Bxd7 19. e3 Bc6 20. Bf1 Rfd8 21. Nb3 Be4 22. Ra1 Nc6 23. c5 Bg6 24. Ba6 Rc7 25. cxb6 axb6 26. Nd4 Bc5 27. Nb3 Be7 28. Bd4 Rb8 29. Bb5 Be4 30. Nd2 Ba3 31. Nxe4 Bxc1 32. Rxc1 Nxd4 33. Rxc7 Nxb5 34. Rc6 h6 35. a4 Na3 36. Rc3 f5 37. Nd2 Rd8 38. Nf3 Rd1+ 39. Kg2 Nb1 40. Rb3 Rc1 41. Rxb6 Na3 42. Rxe6 Rc4 43. a5 Ra4 44. a6 Nb5 45. Nd4 Nc7 46. Re5 g6 47. Re7 Nxa6 48. Ne6 g5 49. Rg7+ Kh8 50. Rf7 Ra5 51. Nd4 Nb4 52. Rxf5 Ra2 53. Rf7 Nd3 54. Ne6 g4 55. Nd4 Ne1+ 56. Kf1 Nd3 57. Nf5 Rxf2+ 58. Kg1 h5 59. Nd4 Rxf7 0-1